000
00308nam a22001337a 4500
008
170206b xxu||||| |||| 00| 0 eng d
020
_a
9780323042109
041
_a
eng
080
_2
9ED
_a
61
100
_a
3
101
_a
SHM
245
_a
RADIOGRAPHIC POSITIONING PROCEDURES
_c
EUGENE FRANK
942
_2
udc
_c
BK
999
_c
4731
_d
4731